Histoire du droit et des instituttions de la France / (Record no. 72567)

MARC details
000 -LEADER
campo de control de longitud fija 01064nam a2200205 i 4500
001 - NÚMERO DE CONTROL
campo de control 72567
003 - IDENTIFICADOR DE NÚMERO DE CONTROL
campo de control ES-MaACL
005 - FECHA Y HORA DE LA ÚLTIMA TRANSACCIÓN
campo de control 20230906171458.0
007 - CAMPO FIJO DE DESCRIPCIÓN FÍSICA--INFORMACIÓN GENERAL
campo de control de longitud fija t|
008 - DATOS DE LONGITUD FIJA--INFORMACIÓN GENERAL
campo de control de longitud fija 040901m18871903fr ||||1| fre d
080 ## - NÚMERO DE LA CLASIFICACIÓN DECIMAL UNIVERSAL
Número de la Clasificación Decimal Universal 34(44)(091)
100 1# - ENTRADA PRINCIPAL--NOMBRE DE PERSONA
Nombre de persona Glasson, Ernest-Désiré.
9 (RLIN) 57412
245 10 - MENCIÓN DEL TÍTULO
Título Histoire du droit et des instituttions de la France /
Mención de responsabilidad, etc. par Ernest Glasson.
260 ## - PUBLICACIÓN, DISTRIBUCIÓN, ETC.
Lugar de publicación, distribución, etc. París :
Nombre del editor, distribuidor, etc. F. Pichon,
Fecha de publicación, distribución, etc. 1887-1903.
300 ## - DESCRIPCIÓN FÍSICA
Extensión 8 v. ;
Dimensiones 23 cm.
505 8# - NOTA DE CONTENIDO CON FORMATO
Nota de contenido con formato Contiene: I. La Gaule celtique. La Gaule romaine - II. Époque franque - III. Époque franque - IV. La féodalité: les sources du droit, la féodalité civile, la féodalité politique - V. La féodalité: les communes et les autres villes, l'église, la royanté - VI. La féodalité: les finances et la jústice du roi - VII. La féodalité: le droit civil - VIII. Epoque monarchique: les sources du droit, condition des personnes, famille
650 #4 - PUNTO DE ACCESO ADICIONAL DE MATERIA--TÉRMINO DE MATERIA
Término de materia o nombre geográfico como elemento de entrada Derecho-
Subdivisión geográfica Francia-
Subdivisión de forma Historia.
9 (RLIN) 151862
650 #4 - PUNTO DE ACCESO ADICIONAL DE MATERIA--TÉRMINO DE MATERIA
Término de materia o nombre geográfico como elemento de entrada Instituciones políticas-
Subdivisión geográfica Francia-
Subdivisión de forma Historia.
9 (RLIN) 151863
852 ## - LOCALIZACIÓN
Ubicación ES-MaACL
Número de control de estantería F-12974-81
Holdings
Estatus retirado Estado de pérdida Estado de daño No para préstamo Colección Biblioteca de origen Biblioteca actual Ubicación en estantería Fecha de adquisición Fuente de adquisición Total de préstamos Signatura topográfica completa Código de barras Visto por última vez Precio de reemplazo Tipo de ítem Koha
        Libros del s. XIX Biblioteca del Ateneo de Madrid Biblioteca del Ateneo de Madrid Sala Pecera Planta 2 17/01/2008     F-12974-81 1075968 23/02/2023 23/02/2023 Libro impreso antiguo